La République radicale? (Record no. 177799)

MARC details
000 -LEADER
campo de control de longitud fija 00850nam a22002535i 4500
001 - NÚMERO DE CONTROL
campo de control 177799
003 - IDENTIFICADOR DE NÚMERO DE CONTROL
campo de control ES-MaACL
005 - FECHA Y HORA DE LA ÚLTIMA TRANSACCIÓN
campo de control 20250808062128.0
008 - DATOS DE LONGITUD FIJA--INFORMACIÓN GENERAL
campo de control de longitud fija 110427s1975 fr ab |||| | fre d
020 ## - NÚMERO INTERNACIONAL ESTÁNDAR DEL LIBRO
Número Internacional Estándar del Libro 2-02-000671-5
080 ## - NÚMERO DE LA CLASIFICACIÓN DECIMAL UNIVERSAL
Número de la Clasificación Decimal Universal 94(44)"1870/1914"
100 1# - ENTRADA PRINCIPAL--NOMBRE DE PERSONA
Nombre de persona Rebérioux, Madelaine.
9 (RLIN) 146281
245 13 - MENCIÓN DEL TÍTULO
Título La République radicale?
Resto del título : 1898-1914.
260 ## - PUBLICACIÓN, DISTRIBUCIÓN, ETC.
Lugar de publicación, distribución, etc. [París] :
Nombre del editor, distribuidor, etc. Éditions du Seuil,
Fecha de publicación, distribución, etc. D. L. 1975.
300 ## - DESCRIPCIÓN FÍSICA
Extensión 255 p. :
Otras características físicas il. bl. y n. ;
Dimensiones 18 cm.
490 1# - MENCIÓN DE SERIE
Mención de serie Nouvelle histoire de la France contemporaine ;
Designación de volumen o secuencia 11
500 ## - NOTA GENERAL
Nota general Índices.
504 ## - NOTA DE BIBLIOGRAFÍA, ETC.
Nota de bibliografía, etc. Bibliografía: p. 240-249.
546 ## - NOTA DE IDIOMA
Nota de lengua/lenguaje Texto en francés.
651 #7 - PUNTO DE ACCESO ADICIONAL DE MATERIA--NOMBRE GEOGRÁFICO
Nombre geográfico Francia-
Subdivisión general Historia-
Subdivisión cronológica 1870-1914
Fuente del encabezamiento o término
9 (RLIN) 146280
830 00 - PUNTO DE ACCESO ADICIONAL DE SERIE-TÍTULO UNIFORME
Título uniforme Nouvelle histoire de la France contemporaine
Designación de volumen o secuencia 11
9 (RLIN) 190594
852 ## - LOCALIZACIÓN
Ubicación ES-MaACL
Número de control de estantería E-15002
Encuadernación Olim P-123
Holdings
Estatus retirado Estado de pérdida Estado de daño No para préstamo Biblioteca de origen Biblioteca actual Ubicación en estantería Fecha de adquisición Fuente de adquisición Total de préstamos Signatura topográfica completa Código de barras Visto por última vez Precio de reemplazo Tipo de ítem Koha
        Biblioteca del Ateneo de Madrid Biblioteca del Ateneo de Madrid Depósito 2 27/04/2011     E-15002 1186782 23/02/2023 23/02/2023 Libro impreso